000 00272nam a2200109Ia 4500
008 230320s9999||||xx |||||||||||||| ||spa||
082 _a241.04/CH36
100 _aChenu, Bruno
245 0 _aTeologĂ­as Cristianas De Los Terceros Mundos
260 _bHerder
942 _80
_cLIB
999 _c23710
_d23710